日本の空港愛称クイズ - Statistics

General Stats
  • This quiz has been taken 9 times
  • The average score is 15 of 28
Answer Stats
Hint ヒント Answer % Correct
高知◯◯空港 偉人 龍馬
100%
◯◯◯◯◯釧路空港 動植物 たんちょう
88%
◯◯◯◯山形空港 形容詞 おいしい
88%
富山◯◯◯◯空港 方言 きときと
88%
◯◯◯静岡空港 観光名所 富士山
88%
◯◯◯◯◯(中部国際空港) カタカナ セントレア
88%
鳥取砂丘◯◯◯空港 キャラクター コナン
88%
米子◯◯◯空港 キャラクター 鬼太郎
88%
出雲◯◯◯空港 おしゃれ 縁結び
88%
のと◯◯空港 一般名詞 里山
75%
岩国◯◯◯空港 観光名所 錦帯橋
75%
徳島◯◯◯◯◯空港 観光資源 阿波おどり
75%
宮崎◯◯◯◯◯◯◯空港 動植物 ブーゲンビリア
75%
◯◯◯◯◯紋別空港 地域名 オホーツク
63%
◯◯◯◯◯但馬空港 動植物 コウノトリ
63%
岡山◯◯◯空港 キャラクター 桃太郎
63%
隠岐◯◯◯◯◯◯◯空港 観光名所? 世界ジオパーク
38%
対馬◯◯◯◯空港 動植物 やまねこ
38%
◯◯◯◯◯◯◯・旭川空港 文章 北海道のまん中
25%
◯◯◯◯◯(神戸空港) カタカナ マリンエア
25%
熊野白浜◯◯◯◯空港 カタカナ リゾート
25%
五島◯◯◯空港 動植物 つばき
13%
◯◯◯◯◯◯種子島 カタカナ コスモポート
13%
◯◯◯石垣空港 方言 南ぬ島
13%
東京大島◯◯◯◯空港 動植物 かめりあ
0%
徳之島◯◯空港 一般名詞 子宝
0%
えらぶ◯◯の島空港 動植物 ゆり
0%
◯◯◯◯多良間空港 方言 かりゆす
0%
No matching quizzes found
Score Distribution
Percent of People with Each Score
Percentile by Number Answered
Your Score History
You have not taken this quiz